书目信息 |
| 题名: |
中国民族民间舞蹈的动作与技巧分析
|
|
| 作者: | 王宁 著 | |
| 分册: | ||
| 出版信息: | 北京 中国书籍出版社 2018 |
|
| 页数: | 272页 | |
| 开本: | 24cm | |
| 丛书名: | 高校学术文库 | |
| 单 册: | ||
| 中图分类: | J722.2 | |
| 科图分类: | ||
| 主题词: | 民族舞蹈--研究--中国 , 民间舞蹈--研究--中国 | |
| 电子资源: | ||
| ISBN: | 978-7-5068-5891-5 | |
| 000 | 00971oam2 2200265 450 | |
| 001 | 3664 | |
| 005 | 20180527173652.05 | |
| 010 | @a978-7-5068-5891-5@dCNY56.00 | |
| 100 | @a20180315d2018 em y0chiy50 ea | |
| 101 | 0 | @achi |
| 102 | @aCN@b110000 | |
| 105 | @aa z 000yy | |
| 200 | 1 | @a中国民族民间舞蹈的动作与技巧分析@9zhong guo min zu min jian wu dao de dong zuo yu ji qiao fen xi@f王宁著 |
| 210 | @a北京@c中国书籍出版社@d2018 | |
| 215 | @a272页@c图@d24cm | |
| 225 | 1 | @a高校学术文库@i艺术研究论著丛刊 |
| 330 | @a本书包含了各地民族民间的舞蹈,内容包括:汉族的秧歌舞蹈、花灯与花鼓灯舞蹈、东北地区少数民族民间的舞蹈、西北地区维吾尔族的民间舞蹈、西南地区藏族民间舞蹈、西南地区傣族的民间舞蹈等。 | |
| 461 | 0 | @12001 @a高校学术文库 |
| 462 | 0 | @12001 @a艺术研究论著丛刊 |
| 606 | 0 | @a民族舞蹈@x研究@y中国 |
| 606 | 0 | @a民间舞蹈@x研究@y中国 |
| 690 | @aJ722.2@v5 | |
| 701 | 0 | @a王宁@9wang ning@4著 |
| 801 | 0 | @aCN@b91MARC@c20180315 |
| 905 | @aMuseLib@dJ722.2@e180 | |
| 中国民族民间舞蹈的动作与技巧分析/王宁著.-北京:中国书籍出版社,2018 |
| 272页:图;24cm.-(高校学术文库.艺术研究论著丛刊) |
| ISBN 978-7-5068-5891-5:CNY56.00 |
| 本书包含了各地民族民间的舞蹈,内容包括:汉族的秧歌舞蹈、花灯与花鼓灯舞蹈、东北地区少数民族民间的舞蹈、西北地区维吾尔族的民间舞蹈、西南地区藏族民间舞蹈、西南地区傣族的民间舞蹈等。 |
| ● |
| 相关链接 |
|
|
|
|
正题名:中国民族民间舞蹈的动作与技巧分析
索取号:J722.2/180
 
预约/预借
| 序号 | 登录号 | 条形码 | 馆藏地/架位号 | 状态 | 备注 |
| 1 | 1110124 | 211101243 | 第一样本阅览室/ [索取号:J722.2/180] | 在馆 | |
| 2 | 1110125 | 211101252 | 教育系资料室/ [索取号:J722.2/180] | 在馆 | |
| 3 | 1110126 | 211101261 | 教育系资料室/ [索取号:J722.2/180] | 在馆 | |
| 4 | 1110127 | 211101270 | 第一借阅区/ [索取号:J722.2/180] | 在馆 |